01013nam a2200241Ia 450000500170000000800410001702000130005804000180007104100080008908200210009710000290011824500430014725000120019026000520020230000300025465000360028465000340032065000310035494200300038599900190041595201690043495201680060320251201155620.0210716s1997 xx 000 0 und d a70428077 cAIMIT LIBRARY aeng a006.31 21bMITT aMitchell, Tom M.9247205 aMachine learning /cBy Tom M Mitchell. a1st ed. aNew Delhi :bMc Graw Hill Book Company ,c1997. axvii,414p. ;bPBc23.1 cm aDecision tree learning9247206 aEvaluating hypotheses9247207 aGenetic algorithms9247208 2ddccBKe1stk006.31 MITT c186700d186700 00102ddc40708MCAaAIMITbAIMITeSita Book Houseg318.00iBill no:5770; Bill dt:2004-08-24l0o006.31 MITTpMCA06208r2025-07-21 00:00:00v254.40w2021-07-16yBK 00102ddc40708MCAaAIMITbAIMITeKnowledge Worldg545.00iBill no:501; Bill dt:2018-03-05l0o006.31 MITTpMCA15655r2025-07-21 00:00:00v425.10w2021-07-16yBK